| 000 | 00944nas a2200313 4500 | ||
|---|---|---|---|
| 001 | BR0202749 | ||
| 003 | BR-BrBNA | ||
| 005 | 20231205103014.0 | ||
| 007 | ta | ||
| 008 | 230509b bl.|||p| |||| 00| 00por d | ||
| 040 |
_aBR-BrBNA _bpor _cBiblioteca Nacional de Agricultura |
||
| 041 | _a(Pt) | ||
| 072 | _aL20 | ||
| 100 | 1 | _aDionello, N.J.L. | |
| 100 | 1 | _aMacari, M. | |
| 100 | 1 | _aFerro, J.A. | |
| 100 | 1 | _aRutz, F. | |
| 100 | 1 | _aFerro, M.I.T. | |
| 100 | 1 | _aFurlan, L.R. | |
| 245 | 1 | _aRespostas fisiológicas associadas à termotolerância em pintos de corte de duas linhagens por exposição a altas temperaturas | |
| 650 | _aPINTO DE CORTE | ||
| 650 | _aTEMPERATURA | ||
| 650 | _aPROTEÍNA | ||
| 650 | _aPESO | ||
| 650 | _aLINHAGEM | ||
| 773 | 0 |
_tRevista Brasileira de Zootecnia (Brazil) _xISSN 1516-3598 _g(Jan-Feb 2002), v. 31(1) p. 79-85 _wBR0202749 |
|
| 909 |
_a202311 _bLúcia _c55 _dLúcia Elande |
||
| 942 |
_2AGRIS _n0 _cANA |
||
| 999 |
_c170524 _d170524 |
||